| 000 | 00442pam a2200169 a 4500 | ||
|---|---|---|---|
| 020 |
_a0443070563 _c674.40 |
||
| 041 |
_aeng _hNULL |
||
| 082 |
_a617 _bLIN |
||
| 100 | _aLINDSAY, K . | ||
| 245 |
_aNEUROLOGY & NEUROSURGERY ILLUSTRATED / _cNULL. _hTextual Documents |
||
| 260 |
_aNULL : _bCHURCHILL LIV , _c2005. |
||
| 300 |
_a598 : _bxii ; _cA4 . |
||
| 365 | _a674.40 | ||
| 930 | _a494 | ||
| 999 |
_c795030 _d795030 |
||
| 650 | _aBIOCHEMISTRY | ||